00494nam a2200193 a 4500001001300000003000900013005001700022008004100039020001000080082001700090100001200107245003100119260003800150300000900188500003500197505003400232650002200266700001200288nice12345678IN_TiNIC20260116013724.0050524s1987 dela grp 000 0 eng  ac10000a297.63bAMI1 aAmin, M aWisdom of Prophet Muhammad aDelhibIslamic Book Servicec1987 a202p aincludes index and biblioraphy2 aAppendix, Bibliography, Index aMuhammad, Prophet1 aAmin, M